Music Quiz

Random Music or Grab Bag Quiz
Score 0/54 Timer 06:00
5 Plays Today
% Correct
Alvin
99.2%
Theodore
94%
Mariah Carey
93.9%
Barry
93.8%
Tenor
93.8%
Ginger
93.7%
Rihanna
93.6%
Baritone
93.5%
Beatles for Sale
93.5%
Madonna
93.5%
Janet Jackson
93.5%
Simon
93.4%
A Hard Day's Night
93.4%
With the Beatles
93.3%
Michael
93.3%
Abbey Road
93.2%
Do
93.2%
La
93.2%
Fa
93.2%
Yellow Submarine
93.1%
Sgt Pepper's Lonely Hearts Club Band
93.1%
Mi
93.1%
Whitney Houston
93%
The Beatles
92.9%
Re
92.9%
Magical Mystery Tour
92.8%
Ti
92.8%
% Correct
Posh
92.7%
Baby
92.6%
Bass
92.5%
Sol
92.4%
Let It Be
92%
Please Please Me
92%
Sporty
91.9%
Teenage Dream
91.7%
California Gurls
91.3%
Scary
91%
Last Friday Night (T.G.I.F.)
90.5%
Jermaine
90.2%
Brass
89.7%
Strings
89.3%
Help!
89.2%
Maurice
88.4%
Rubber Soul
88.3%
Percussion
88.2%
Woodwinds
88%
Firework
87.6%
Marlon
87.6%
Countertenor
86.8%
Robin
85.3%
Revolver
85.2%
Tito
82.9%
Jackie
82.9%
E.T.
76.1%

You're not logged in!

Compare scores with friends on all Sporcle quizzes.
OR
Log In

From the Vault

It's the End of the World (Blitz)

by manonthemoon

Hitting a mine may make it seem like it's the end of the world, but it's really only the end of this quiz.
Remove Ads.
Support Sporcle.
Get the best of Sporcle when you Go Orange. This ad-free experience offers more features, more stats, and more fun while also helping to support Sporcle. Thank you for becoming a member.

Show Comments

Extras

Top Quizzes Today


Score Distribution

Your Account Isn't Verified!

In order to create a playlist on Sporcle, you need to verify the email address you used during registration. Go to your Sporcle Settings to finish the process.

Report this User

Report this user for behavior that violates our Community Guidelines.

Details: